[Event "POL-chT 50th"]
[Site "Lubniewice"]
[Date "1994.??.??"]
[Round "4"]
[White "Gizynski, Tomasz"]
[Black "Dubiel, Jacek"]
[Result "0-1"]
[WhiteElo "2360"]
[BlackElo "2400"]
[PlyCount "114"]
[EventDate "1994.09.22"]
[EventType "team-tourn"]
[EventRounds "11"]
[EventCountry "POL"]
[SourceTitle "EXT 2019"]
[Source "ChessBase"]
[SourceDate "2018.10.10"]
[SourceVersion "1"]
[SourceVersionDate "2018.10.10"]
[SourceQuality "1"]
[WhiteTeam "Bielsko-Biala Wlokniarz"]
[BlackTeam "Zabrze Gornik"]
[WhiteTeamCountry "POL"]
[BlackTeamCountry "POL"]

1. e4 e5 2. Nf3 Nc6 3. Bc4 Bc5 4. 0-0 Nf6 5. d3 d6 6. c3 0-0 7. Nbd2 a6 8. Bb3 Ba7 9. Nc4 b5 10. Ne3 Ne7 11. a4 Bb7 12. Re1 Ng6 13. h3 Qd7 14. Nh2 Nf4 15. Nhg4 Nxg4 16. Nxg4 Ne6 17. Bc2 f5 18. exf5 Qc6 19. Re4 Nc5 20. Ne3 Nxe4 21. dxe4 Qd7 22. Bb3+ Kh8 23. Be6 Qd8 24. Qg4 c6 25. Nf1 Bc8 26. Bg5 Qc7 27. Bxc8 Raxc8 28. Ng3 d5 29. axb5 axb5 30. f6 Ra8 31. Rxa7 Qxa7 32. Nh5 gxf6 33. Bxf6+ Rxf6 34. Nxf6 Qf7 35. Qg5 Qg7 36. Qxe5 Rf8 37. Ng4 Qxe5 38. Nxe5 dxe4 39. Nxc6 Kg7 40. Nb4 Rd8 41. g4 Rd2 42. b3 Rb2 43. Nd5 Rxb3 44. Kg2 Kf7 45. h4 Ke6 46. Nf4+ Ke5 47. Ne2 Rb2 48. f4+ exf3+ 49. Kxf3 Rb3 50. Kf2 Ke4 51. g5 Rb2 52. Kf1 Kf3 53. Nd4+ Kg4 54. Ke1 Kxh4 55. Kd1 Kxg5 56. Kc1 Rf2 57. Nxb5 h5 0-1

[Event "POL-chT 50th"]
[Site "Lubniewice"]
[Date "1994.??.??"]
[Round "8"]
[White "Gizynski, Tomasz"]
[Black "Kujawski, Adam"]
[Result "0-1"]
[WhiteElo "2360"]
[BlackElo "2335"]
[PlyCount "134"]
[EventDate "1994.09.22"]
[EventType "team-tourn"]
[EventRounds "11"]
[EventCountry "POL"]
[SourceTitle "EXT 2019"]
[Source "ChessBase"]
[SourceDate "2018.10.10"]
[SourceVersion "1"]
[SourceVersionDate "2018.10.10"]
[SourceQuality "1"]
[WhiteTeam "Bielsko-Biala Wlokniarz"]
[BlackTeam "Warszawa Polonia"]
[WhiteTeamCountry "POL"]
[BlackTeamCountry "POL"]

1. e4 e6 2. d4 d5 3. e5 c5 4. dxc5 Nc6 5. Nf3 Bxc5 6. Bd3 f6 7. Qe2 fxe5 8. Nxe5 Nxe5 9. Qxe5 Nf6 10. Bb5+ Kf7 11. 0-0 Rf8 12. Qe2 Kg8 13. Bg5 a6 14. Bd3 Qb6 15. Nc3 Qxb2 16. Na4 Qa3 17. Nxc5 Qxc5 18. Rab1 Qc7 19. Rfe1 Bd7 20. Be3 Rae8 21. Bd4 Bc6 22. Be5 Qe7 23. Bc3 Rf7 24. Bd4 Qd6 25. Qe3 Ne4 26. f3 e5 27. fxe4 exd4 28. Qxd4 Rfe7 29. Rf1 Qe5 30. Qxe5 Rxe5 31. exd5 Bxd5 32. a3 g6 33. Rb4 Rc8 34. Rbf4 Kg7 35. Rf6 Rc3 36. Rd6 Bc6 37. a4 Bxa4 38. Rb1 Bc6 39. Rb4 Rg5 40. g3 Re5 41. Rf4 Re7 42. Rfd4 Ra3 43. Bc4 Ra1+ 44. Rd1 Re1+ 45. Rxe1 Rxe1+ 46. Kf2 Rh1 47. Bxa6 Rxh2+ 48. Ke3 Kh6 49. Be2 Rg2 50. g4 Kg5 51. Re6 Bd7 52. Re7 Bxg4 53. Bxg4 Kxg4 54. Rxh7 Rxc2 55. Rxb7 g5 56. Rg7 Rg2 57. Rg8 Kh3 58. Ke4 g4 59. Kf4 Rf2+ 60. Ke3 g3 61. Rg7 Kg2 62. Rg8 Rf7 63. Ke2 Re7+ 64. Kd2 Kf2 65. Rf8+ Kg1 66. Rg8 g2 67. Rh8 Re4 0-1

[Event "POL-chT 50th"]
[Site "Lubniewice"]
[Date "1994.??.??"]
[Round "10"]
[White "Gizynski, Tomasz"]
[Black "Weglarz, Leszek"]
[Result "1/2-1/2"]
[WhiteElo "2360"]
[BlackElo "2375"]
[PlyCount "45"]
[EventDate "1994.09.22"]
[EventType "team-tourn"]
[EventRounds "11"]
[EventCountry "POL"]
[SourceTitle "EXT 2019"]
[Source "ChessBase"]
[SourceDate "2018.10.10"]
[SourceVersion "1"]
[SourceVersionDate "2018.10.10"]
[SourceQuality "1"]
[WhiteTeam "Bielsko-Biala Wlokniarz"]
[BlackTeam "Poznan Pocztowiec"]
[WhiteTeamCountry "POL"]
[BlackTeamCountry "POL"]

1. e4 e5 2. Nf3 Nf6 3. d4 Nxe4 4. Bd3 d5 5. Nxe5 Nd7 6. Qe2 Nxe5 7. Bxe4 dxe4 8. Qxe4 Be6 9. Qxe5 Qd7 10. Be3 Bb4+ 11. c3 Bd6 12. Qg5 f6 13. Qh5+ Bf7 14. Qf3 0-0 15. 0-0 Rae8 16. Nd2 c6 17. Rae1 Qc7 18. g3 Be6 19. Rc1 Qd7 20. Rfe1 Bg4 21. Qg2 Bh3 22. Qf3 Bg4 23. Qg2 1/2-1/2

[Event "POL-chT 50th"]
[Site "Lubniewice"]
[Date "1994.??.??"]
[Round "11"]
[White "Pioch, Zygmunt"]
[Black "Gizynski, Tomasz"]
[Result "1-0"]
[WhiteElo "2290"]
[BlackElo "2360"]
[PlyCount "71"]
[EventDate "1994.09.22"]
[EventType "team-tourn"]
[EventRounds "11"]
[EventCountry "POL"]
[SourceTitle "EXT 2019"]
[Source "ChessBase"]
[SourceDate "2018.10.10"]
[SourceVersion "1"]
[SourceVersionDate "2018.10.10"]
[SourceQuality "1"]
[WhiteTeam "Gdansk Gedania"]
[BlackTeam "Bielsko-Biala Wlokniarz"]
[WhiteTeamCountry "POL"]
[BlackTeamCountry "POL"]

1. e4 e6 2. d4 d5 3. e5 c5 4. c3 Nc6 5. Nf3 Nge7 6. Na3 cxd4 7. cxd4 Nf5 8. Nc2 Qa5+ 9. Bd2 Qb6 10. Bc3 Bd7 11. Bd3 Be7 12. Qd2 a5 13. a3 h5 14. h4 g6 15. g3 a4 16. 0-0 Na5 17. Qf4 Bb5 18. Bxb5+ Qxb5 19. Bb4 Bxb4 20. Nxb4 Nb3 21. Rad1 0-0-0 22. Rd3 Kb8 23. Nd2 Nxd2 24. Qxd2 Rc8 25. b3 Rc7 26. Rb1 Rhc8 27. Kg2 axb3 28. Rdxb3 Qc4 29. Rd3 Qb5 30. a4 Qxa4 31. Qb2 Rc4 32. Rb3 Kc7 33. Ra1 Qd7 34. Na6+ Kd8 35. Rxb7 Qc6 36. Nb8 1-0

[Event "Katowice Fibak op"]
[Site "Katowice"]
[Date "1993.??.??"]
[Round "6"]
[White "Belov, Igor"]
[Black "Gizynski, Tomasz"]
[Result "1/2-1/2"]
[WhiteElo "2440"]
[BlackElo "2350"]
[PlyCount "123"]
[EventDate "1993.01.??"]
[EventType "swiss"]
[EventRounds "9"]
[EventCountry "POL"]
[SourceTitle "EXT 1998"]
[Source "ChessBase"]
[SourceDate "1997.11.17"]
[SourceVersion "1"]
[SourceVersionDate "1997.11.17"]
[SourceQuality "1"]

1. Nf3 Nf6 2. c4 b6 3. g3 Bb7 4. Bg2 e6 5. Nc3 Be7 6. d4 Ne4 7. Bd2 Bf6 8. Qc2 Nxd2 9. Qxd2 d6 10. 0-0 Nd7 11. Rad1 0-0 12. e4 g6 13. Rfe1 Bg7 14. b3 Qe7 15. Nh4 c5 16. dxc5 Nxc5 17. b4 Na6 18. Nb5 Rfd8 19. a3 Bf8 20. Qe2 Rab8 21. Rd3 Bc6 22. Nf3 e5 23. Nc3 Nc7 24. Qd2 Bd7 25. Rd1 Bg4 26. c5 bxc5 27. bxc5 Bxf3 28. Bxf3 d5 29. exd5 Qxc5 30. Ne4 Qb6 31. d6 Ne6 32. Nf6+ Kh8 33. Qe1 Bg7 34. Qxe5 Nc5 35. Rd5 Nd7 36. Nxd7 Rxd7 37. Qe2 Rbd8 38. R5d3 Bf8 39. Qe5+ Bg7 40. Qf4 Bf8 41. Bg4 Rxd6 42. Rxd6 Rxd6 43. Rxd6 Qxd6 44. Qxf7 Qxa3 45. Be6 Qa1+ 46. Kg2 Qg7 47. Qe8 Qe7 48. Qc8 Qc5 49. Qd7 Qe7 50. Qd4+ Bg7 51. Qd5 Bf8 52. h4 h5 53. Qe4 Qf6 54. Bc4 Bc5 55. Qe8+ Kg7 56. Qd7+ Kh6 57. Qd2+ Kg7 58. Ba2 Qd4 59. Qc2 Bb6 60. Bb1 Qd5+ 61. Kh2 Qf5 62. Qxf5 1/2-1/2

[Event "POL-chT 49th"]
[Site "Lubniewice"]
[Date "1993.??.??"]
[Round "1"]
[White "Borkowski, Franciszek"]
[Black "Gizynski, Tomasz"]
[Result "1/2-1/2"]
[WhiteElo "2435"]
[BlackElo "2350"]
[PlyCount "130"]
[EventDate "1993.09.23"]
[EventType "team-tourn"]
[EventRounds "11"]
[EventCountry "POL"]
[SourceTitle "EXT 2019"]
[Source "ChessBase"]
[SourceDate "2018.10.10"]
[SourceVersion "1"]
[SourceVersionDate "2018.10.10"]
[SourceQuality "1"]
[WhiteTeam "Gryfow Slaski Hetman"]
[BlackTeam "Bielsko-Biala Wlokniarz"]
[WhiteTeamCountry "POL"]
[BlackTeamCountry "POL"]

1. e4 e6 2. d4 d5 3. Nc3 Bb4 4. e5 c5 5. a3 Bxc3+ 6. bxc3 Qc7 7. Nf3 Bd7 8. a4 Ne7 9. Bd3 Nbc6 10. 0-0 c4 11. Be2 f6 12. Re1 0-0 13. Bf1 fxe5 14. Nxe5 Nxe5 15. Rxe5 Rf5 16. Rxf5 Nxf5 17. g3 Qa5 18. Bd2 Re8 19. Qe1 Nd6 20. Bf4 Nf7 21. h4 Qd8 22. a5 a6 23. Bh3 Re7 24. Be5 Qe8 25. h5 Ba4 26. Ra2 Bc6 27. f4 Qd8 28. Ra1 Be8 29. g4 Nd6 30. h6 Bg6 31. Bxg7 Re8 32. g5 Ne4 33. Bg2 Qd7 34. Be5 Qf7 35. Rb1 Re7 36. Rb6 Bf5 37. Bf3 Qe8 38. Rb4 Qg6 39. Kh2 Qe8 40. Qe3 Qg6 41. Rb1 Qe8 42. Bf6 Qa4 43. Rc1 Rd7 44. Bh5 Qxa5 45. Be8 Rf7 46. Bxf7+ Kxf7 47. Rb1 b5 48. Be5 Nxc3 49. g6+ Bxg6 50. f5 exf5 51. Qd2 b4 52. Re1 Ne4 53. Rxe4 dxe4 54. d5 Qc5 55. Bf4 c3 56. Qe2 a5 57. d6 Ke6 58. Kg2 Be8 59. Qa6 Qc6 60. Qxa5 Qb5 61. Qa2+ Kf6 62. Qa7 Qe2+ 63. Kg1 Qg4+ 64. Kh1 Qf3+ 65. Kg1 Qg4+ 1/2-1/2

[Event "POL-ch 50th"]
[Site "Czestochowa"]
[Date "1993.??.??"]
[Round "8"]
[White "Ciemniak, Robert"]
[Black "Gizynski, Tomasz"]
[Result "0-1"]
[WhiteElo "2440"]
[BlackElo "2350"]
[PlyCount "96"]
[EventDate "1993.04.17"]
[EventType "tourn"]
[EventRounds "13"]
[EventCountry "POL"]
[EventCategory "7"]
[SourceTitle "CBM 035 Extra"]
[Source "ChessBase"]
[SourceDate "1993.09.01"]
[SourceVersion "1"]
[SourceVersionDate "1993.09.01"]
[SourceQuality "1"]

1. e4 e6 2. d4 d5 3. e5 c5 4. c3 Nc6 5. Nf3 Nge7 6. Na3 cxd4 7. cxd4 Nf5 8. Nc2 Qa5+ 9. Bd2 Qb6 10. Bc3 Bd7 11. Be2 Be7 12. Qd2 a5 13. 0-0 h5 14. b3 g6 15. a3 0-0 16. g3 Rfc8 17. Rfc1 Bf8 18. h4 Bh6 19. Ng5 Qd8 20. Kg2 Nce7 21. Ne1 b6 22. Nd3 Bb5 23. a4 Ba6 24. f4 Nc6 25. Nf3 Bf8 26. Nf2 Bxe2 27. Qxe2 Nh6 28. Ng5 Ne7 29. Rc2 Nef5 30. Rac1 Rc6 31. Bb2 Rxc2 32. Rxc2 Rc8 33. Kf3 Rc7 34. Qd2 Bb4 35. Qc1 Rxc2 36. Qxc2 Qd7 37. Ngh3 Ng4 38. Nd3 Be7 39. Ng1 Kg7 40. Ne2 Nh2+ 41. Kf2 Ng4+ 42. Kf3 b5 43. Bc1 Qa7 44. Qc3 b4 45. Qa1 Bd8 46. Bb2 Bb6 47. Ne1 Qa6 48. Qc1 Bxd4 0-1

[Event "Katowice Fibak op"]
[Site "Katowice"]
[Date "1993.??.??"]
[Round "2"]
[White "Kuczynski, Robert"]
[Black "Gizynski, Tomasz"]
[Result "1/2-1/2"]
[WhiteElo "2525"]
[BlackElo "2350"]
[PlyCount "29"]
[EventDate "1993.01.??"]
[EventType "swiss"]
[EventRounds "9"]
[EventCountry "POL"]
[SourceTitle "EXT 1998"]
[Source "ChessBase"]
[SourceDate "1997.11.17"]
[SourceVersion "1"]
[SourceVersionDate "1997.11.17"]
[SourceQuality "1"]

1. e4 e6 2. d4 d5 3. Nc3 Bb4 4. e5 c5 5. a3 Bxc3+ 6. bxc3 Qc7 7. Nf3 Bd7 8. Bd3 Ne7 9. h4 Ba4 10. h5 cxd4 11. cxd4 Qc3+ 12. Bd2 Qxd3 13. cxd3 Bxd1 14. Kxd1 h6 15. Ke2 1/2-1/2

[Event "Wisla BES op"]
[Site "Wisla"]
[Date "1992.??.??"]
[Round "3"]
[White "Gizynski, Tomasz"]
[Black "Jasnikowski, Zbigniew"]
[Result "1/2-1/2"]
[WhiteElo "2310"]
[BlackElo "2450"]
[PlyCount "36"]
[EventDate "1992.??.??"]
[EventType "swiss"]
[EventRounds "9"]
[EventCountry "POL"]
[SourceTitle "TD"]
[Source "ChessBase"]
[SourceDate "1994.03.01"]
[SourceVersion "1"]
[SourceVersionDate "1994.03.01"]
[SourceQuality "1"]

1. e4 c5 2. Nf3 e6 3. d4 cxd4 4. Nxd4 Nf6 5. Nc3 d6 6. Be2 Be7 7. 0-0 0-0 8. f4 Nc6 9. Be3 a6 10. Qe1 Bd7 11. Qg3 Nxd4 12. Bxd4 Bc6 13. Kh1 b5 14. a3 Qd7 15. Rae1 a5 16. Bd3 b4 17. axb4 axb4 18. Nd1 Bb5 1/2-1/2

[Event "Wisla BES op"]
[Site "Wisla"]
[Date "1992.??.??"]
[Round "5"]
[White "Gizynski, Tomasz"]
[Black "Zyla, Janusz"]
[Result "1-0"]
[WhiteElo "2310"]
[BlackElo "2300"]
[PlyCount "45"]
[EventDate "1992.??.??"]
[EventType "swiss"]
[EventRounds "9"]
[EventCountry "POL"]
[SourceTitle "TD"]
[Source "ChessBase"]
[SourceDate "1994.03.01"]
[SourceVersion "1"]
[SourceVersionDate "1994.03.01"]
[SourceQuality "1"]

1. e4 c5 2. Nf3 e6 3. d4 cxd4 4. Nxd4 Nf6 5. Nc3 d6 6. Be2 Be7 7. 0-0 0-0 8. f4 Nc6 9. Be3 e5 10. Nb3 exf4 11. Rxf4 Ne8 12. Qd2 Bg5 13. Rff1 Bxe3+ 14. Qxe3 Be6 15. Rad1 Qe7 16. Nd4 Ne5 17. Nf5 Qc7 18. Kh1 Qc5 19. Qg3 Kh8 20. a3 a6 21. b4 Qc7 22. Nxd6 f6 23. Qxe5 1-0

[Event "POL-chT 47th"]
[Site "Mikolajki"]
[Date "1991.09.??"]
[Round "6"]
[White "Gizynski, Tomasz"]
[Black "Czerwonski, Aleksander"]
[Result "1/2-1/2"]
[WhiteElo "2315"]
[BlackElo "2350"]
[PlyCount "46"]
[EventDate "1991.09.20"]
[EventType "team-swiss"]
[EventRounds "9"]
[EventCountry "POL"]
[SourceTitle "EXT 2019"]
[Source "ChessBase"]
[SourceDate "2018.10.10"]
[SourceVersion "1"]
[SourceVersionDate "2018.10.10"]
[SourceQuality "1"]
[WhiteTeam "Bielsko-Biala Wlokniarz"]
[BlackTeam "Gorzow Wielkopolski Stilon"]
[WhiteTeamCountry "POL"]
[BlackTeamCountry "POL"]

1. e4 d6 2. d4 Nf6 3. Nc3 g6 4. Nf3 Bg7 5. Be2 0-0 6. 0-0 c6 7. a4 a5 8. h3 Nbd7 9. Be3 e5 10. dxe5 dxe5 11. Qd6 Ne8 12. Qd2 Nc7 13. Bc4 Qe7 14. Rad1 Ne6 15. Qd6 Qxd6 16. Rxd6 Ndc5 17. Rfd1 Re8 18. Bxc5 Nxc5 19. Ng5 Be6 20. Nxe6 fxe6 21. Kf1 Bf8 22. R6d2 Bh6 23. Rd6 Bf8 1/2-1/2

[Event "Bardejov"]
[Site "Bardejov"]
[Date "1991.??.??"]
[Round "?"]
[White "Gizynski, Tomasz"]
[Black "Dobrovolsky, Ladislav"]
[Result "1/2-1/2"]
[WhiteElo "2335"]
[BlackElo "2395"]
[PlyCount "20"]
[EventDate "1991.10.??"]
[EventType "tourn"]
[EventRounds "9"]
[EventCountry "CSR"]
[EventCategory "7"]
[SourceTitle "EXT 1997"]
[Source "ChessBase"]
[SourceDate "1996.11.15"]
[SourceVersion "1"]
[SourceVersionDate "1996.11.15"]
[SourceQuality "1"]

1. e4 e5 2. Nf3 Nc6 3. Bb5 a6 4. Bxc6 dxc6 5. 0-0 Ne7 6. d3 Ng6 7. Be3 Bd6 8. Nbd2 0-0 9. Re1 Bg4 10. h3 Be6 1/2-1/2

[Event "POL-chB"]
[Site "Bielsko Biala"]
[Date "1991.??.??"]
[Round "10"]
[White "Gizynski, Tomasz"]
[Black "Lukasiewicz, Grzegorz"]
[Result "0-1"]
[WhiteElo "2335"]
[BlackElo "2315"]
[PlyCount "84"]
[EventDate "1991.??.??"]
[EventType "swiss"]
[EventRounds "11"]
[EventCountry "POL"]
[SourceTitle "EXT 1997"]
[Source "ChessBase"]
[SourceDate "1996.11.15"]
[SourceVersion "1"]
[SourceVersionDate "1996.11.15"]
[SourceQuality "1"]

1. e4 e5 2. Nf3 Nc6 3. Bc4 Bc5 4. 0-0 Nf6 5. d3 a6 6. Bb3 0-0 7. Nbd2 d6 8. c3 Ba7 9. Nc4 Be6 10. a4 Ne7 11. a5 h6 12. Be3 Bxe3 13. Nxe3 Ng6 14. Bc2 d5 15. exd5 Nxd5 16. d4 exd4 17. Qxd4 Ndf4 18. Rfe1 c6 19. g3 Nh3+ 20. Kf1 Qc8 21. Rad1 Kh8 22. Nc4 Nhf4 23. gxf4 Bxc4+ 24. Qxc4 Qh3+ 25. Ke2 Rfe8+ 26. Ne5 Qg4+ 27. Kd2 Nxe5 28. Rxe5 Rxe5 29. Kc1 Rxa5 30. Kb1 Qe6 31. Qd3 f5 32. c4 Rc5 33. b3 a5 34. Rg1 Qf6 35. Qd7 a4 36. Qxb7 Rca5 37. bxa4 R5a7 38. Qb2 Qd6 39. Qc3 Qxf4 40. Rg6 Qxh2 41. Bxf5 Rb7+ 42. Kc1 Qf4+ 0-1

[Event "POL-chB"]
[Site "Bielsko Biala"]
[Date "1991.??.??"]
[Round "3"]
[White "Jaracz, Pawel"]
[Black "Gizynski, Tomasz"]
[Result "1/2-1/2"]
[WhiteElo "2300"]
[BlackElo "2335"]
[PlyCount "53"]
[EventDate "1991.??.??"]
[EventType "swiss"]
[EventRounds "11"]
[EventCountry "POL"]
[SourceTitle "EXT 1997"]
[Source "ChessBase"]
[SourceDate "1996.11.15"]
[SourceVersion "1"]
[SourceVersionDate "1996.11.15"]
[SourceQuality "1"]

1. e4 e6 2. d4 d5 3. Nc3 Bb4 4. e5 Ne7 5. a3 Bxc3+ 6. bxc3 c5 7. h4 b6 8. h5 h6 9. Qg4 Kf8 10. Rh3 Ba6 11. Bxa6 Nxa6 12. Ne2 Rc8 13. Rf3 Qd7 14. a4 Nf5 15. Kd1 cxd4 16. cxd4 Qc6 17. Rc3 Qd7 18. Rxc8+ Qxc8 19. Ra3 Kg8 20. Qf4 Qe8 21. g4 Ne7 22. Qd2 Qc6 23. f4 Qd7 24. Qd3 Nb4 25. Qb5 Nbc6 26. Rc3 Kh7 27. Qd3+ 1/2-1/2

[Event "Bardejov"]
[Site "Bardejov"]
[Date "1991.??.??"]
[Round "?"]
[White "Kholmov, Ratmir D"]
[Black "Gizynski, Tomasz"]
[Result "1/2-1/2"]
[WhiteElo "2445"]
[BlackElo "2335"]
[PlyCount "73"]
[EventDate "1991.10.??"]
[EventType "tourn"]
[EventRounds "9"]
[EventCountry "CSR"]
[EventCategory "7"]
[SourceTitle "EXT 1997"]
[Source "ChessBase"]
[SourceDate "1996.11.15"]
[SourceVersion "1"]
[SourceVersionDate "1996.11.15"]
[SourceQuality "1"]

1. g3 e6 2. Bg2 d5 3. b3 Nf6 4. Bb2 c5 5. Nf3 Nc6 6. 0-0 Be7 7. e3 0-0 8. d4 cxd4 9. exd4 b6 10. Nbd2 Ba6 11. Re1 Rc8 12. Ne5 Nxe5 13. dxe5 Nd7 14. Nf3 Bb4 15. Re3 Bc5 16. Bd4 Qe7 17. c3 Nb8 18. b4 Bxd4 19. Nxd4 Nc6 20. Nxc6 Rxc6 21. Qa4 Bb7 22. b5 Rc5 23. Qxa7 Qc7 24. Qa3 Rxb5 25. h4 h6 26. Bf1 Rc5 27. Qb4 Qc6 28. f3 Ra8 29. Rb1 Ba6 30. Qxb6 Bxf1 31. Qxc6 Rxc6 32. Kxf1 Rxa2 33. Rb8+ Kh7 34. Rb7 d4 35. cxd4 Rc4 36. Re1 Rac2 37. Rxf7 1/2-1/2

[Event "POL-chB"]
[Site "Bielsko Biala"]
[Date "1991.??.??"]
[Round "7"]
[White "Przewoznik, Jan"]
[Black "Gizynski, Tomasz"]
[Result "1-0"]
[WhiteElo "2395"]
[BlackElo "2335"]
[PlyCount "103"]
[EventDate "1991.??.??"]
[EventType "swiss"]
[EventRounds "11"]
[EventCountry "POL"]
[SourceTitle "EXT 1997"]
[Source "ChessBase"]
[SourceDate "1996.11.15"]
[SourceVersion "1"]
[SourceVersionDate "1996.11.15"]
[SourceQuality "1"]

1. Nf3 Nf6 2. c4 b6 3. g3 Bb7 4. Bg2 e6 5. 0-0 Be7 6. b3 0-0 7. Bb2 d5 8. e3 Nbd7 9. Nc3 Ne4 10. Ne2 a5 11. cxd5 exd5 12. d3 Bf6 13. Bxf6 Nexf6 14. Qc2 c5 15. Qb2 Qe7 16. Rfd1 a4 17. b4 cxb4 18. Rab1 b3 19. axb3 a3 20. Qd2 Nc5 21. Nc1 Ne6 22. Na2 Rfc8 23. Rdc1 h6 24. b4 Qe8 25. Rxc8 Qxc8 26. Rb3 Qe8 27. Qc1 Qa4 28. Qb1 d4 29. e4 Ne8 30. Nd2 b5 31. Qd1 Nd6 32. Bf3 Ng5 33. Be2 f5 34. e5 Ndf7 35. f4 Nh3+ 36. Kf1 Qa6 37. Bf3 g5 38. e6 Nd6 39. Nb1 g4 40. Rxa3 Qxa3 41. Nxa3 gxf3 42. Qb3 Kf8 43. Nc2 Ke7 44. Nxd4 h5 45. Qc2 Rc8 46. Qd1 Ra8 47. Nc3 Ra3 48. Qc1 Ra8 49. Nd1 Rc8 50. Qe3 h4 51. Qe5 Rg8 52. Ne3 1-0

[Event "POL-chB"]
[Site "Bielsko Biala"]
[Date "1991.??.??"]
[Round "5"]
[White "Weglarz, Leszek"]
[Black "Gizynski, Tomasz"]
[Result "1/2-1/2"]
[WhiteElo "2360"]
[BlackElo "2335"]
[PlyCount "159"]
[EventDate "1991.??.??"]
[EventType "swiss"]
[EventRounds "11"]
[EventCountry "POL"]
[SourceTitle "EXT 1997"]
[Source "ChessBase"]
[SourceDate "1996.11.15"]
[SourceVersion "1"]
[SourceVersionDate "1996.11.15"]
[SourceQuality "1"]

1. Nf3 Nf6 2. g3 b6 3. Bg2 Bb7 4. 0-0 e6 5. c4 Be7 6. b3 0-0 7. Bb2 c5 8. Nc3 d5 9. e3 dxc4 10. bxc4 Ne4 11. Qc2 Nxc3 12. Bxc3 Nc6 13. d4 cxd4 14. exd4 Rc8 15. Rfd1 Qc7 16. Rac1 Nb4 17. Qb1 a5 18. a3 Na6 19. d5 Nc5 20. Be5 Bd6 21. Ng5 f5 22. Bxd6 Qxd6 23. Nxe6 Rf6 24. Nxc5 Qxc5 25. Qb2 f4 26. Qd4 Qxa3 27. d6 Bxg2 28. d7 Rd8 29. Kxg2 fxg3 30. Qd5+ Rf7 31. hxg3 Qb2 32. Rd2 Qxc1 33. Re2 Qa3 34. Re8+ Qf8 35. Rxf8+ Kxf8 36. Qd6+ Re7 37. Qxb6 Rdxd7 38. Qxa5 g6 39. c5 Rc7 40. Qa8+ Kg7 41. Qd5 Rcd7 42. Qc4 Rc7 43. Qd4+ Kf7 44. g4 Rcd7 45. Qf4+ Ke6 46. Qe4+ Kf7 47. Qf3+ Ke6 48. Qe4+ Kf6 49. Qc4 Kg7 50. Kg3 Re8 51. Qb5 Ree7 52. Qb2+ Kg8 53. Kh4 h6 54. Qf6 Kh7 55. c6 Rc7 56. f4 Re3 57. Qd4 Re6 58. g5 hxg5+ 59. Kxg5 Rexc6 60. Kg4 Rf7 61. Qd5 Rcf6 62. Qh1+ Kg7 63. Qa1 Kg8 64. Qa8+ Rf8 65. Qa2+ Kg7 66. Qa1 Kh7 67. Qh1+ Kg8 68. Qd5+ Kg7 69. Qb7+ R8f7 70. Qb2 Kh7 71. Qh2+ Kg8 72. Qd2 Rf5 73. Qe3 Kg7 74. Qc3+ R7f6 75. Qe3 Kh6 76. Qh3+ Rh5 77. Qc3 Rf8 78. Qa3 Rhf5 79. Qh3+ Kg7 80. Qc3+ 1/2-1/2

[Event "POL-chT 46th prel"]
[Site "Bydgoszcz"]
[Date "1990.09.16"]
[Round "1"]
[White "Malisauskas, Vidmantas"]
[Black "Gizynski, Tomasz"]
[Result "1-0"]
[WhiteElo "2495"]
[BlackElo "2375"]
[PlyCount "105"]
[EventDate "1990.09.16"]
[EventType "team-swiss"]
[EventRounds "6"]
[EventCountry "POL"]
[SourceTitle "EXT 2019"]
[Source "ChessBase"]
[SourceDate "2018.10.10"]
[SourceVersion "1"]
[SourceVersionDate "2018.10.10"]
[SourceQuality "1"]
[WhiteTeam "Wroclaw Politechnika"]
[BlackTeam "Bielsko-Biala Wlokniarz"]
[WhiteTeamCountry "POL"]
[BlackTeamCountry "POL"]

1. d4 e6 2. c4 Nf6 3. Nf3 b6 4. g3 Bb7 5. Bg2 Be7 6. Nc3 Ne4 7. Bd2 Bf6 8. Rc1 Nxd2 9. Qxd2 d6 10. d5 e5 11. e4 0-0 12. b4 Nd7 13. h4 Re8 14. Bh3 a5 15. a3 Nf8 16. Kf1 Bc8 17. Bxc8 Qxc8 18. Kg2 Bd8 19. Qc2 axb4 20. axb4 c5 21. dxc6 Qxc6 22. Nd5 Ne6 23. Qd3 Be7 24. Qe3 Rab8 25. Rc3 Bf8 26. Ra1 Nc7 27. Ra7 Rec8 28. Qd3 Ra8 29. Rxa8 Rxa8 30. Nd2 Nxd5 31. cxd5 Qa4 32. b5 Qd1 33. Nc4 Qxd3 34. Rxd3 Ra4 35. Nxb6 Rb4 36. Rc3 Rxb5 37. Rc6 g6 38. Nc4 f5 39. f3 fxe4 40. fxe4 Rb4 41. Kf3 Rb3+ 42. Kg4 h5+ 43. Kg5 Kf7 44. Rc7+ Be7+ 45. Kh6 Kf6 46. Rd7 Rxg3 47. Nxd6 Rg4 48. Ne8+ Kf7 49. Ng7 Kf6 50. d6 Bf8 51. Kh7 Rxe4 52. Kg8 Bxd6 53. Rf7# 1-0